00406 a2200109 4500001001000000005001700010008004100027245005300068100002900121773012900150999001700279ART_2349820260410161931.0260409a 10aTeoría de los contratos comerciales en general1 aFontanarrosa, Rodolfo O.0 tRevista de la Facultad de Ciencias Económicas de la Universidad de Cuyog- Año XIX, Nº 55/56 (ene./ago. 1967)wREV22981 c28579d28579